El campo psicoanalítico : (Record no. 21556)

000 -CABECERA
fixed length control field 00846nam a22002057a 4500
003 - IDENTIFICADOR DEL NÚMERO DE CONTROL
control field AR-CdUCM
008 - DATOS DE LONGITUD FIJA--INFORMACIÓN GENERAL
fixed length control field 190312b ||||| |||| 00| 0 spa d
020 ## - NÚMERO INTERNACIONAL ESTÁNDAR DEL LIBRO
ISBN 9789875912571
040 ## - FUENTE DE LA CATALOGACIÓN
Agencia/entidad que catalogó originalmente la obra MUNICIPALIDAD PROVINCIAL DEL CUSCO
Entidad que transcribió la catalogación BIBLIOTECA MUNICIPAL DEL CUSCO
082 ## - NÚMERO DE LA CLASIFICACIÓN DECIMAL DEWEY
No. de Clasificación 150.195/G21
Notacion interna G21
245 ## - MENCIÓN DE TÍTULO
Título El campo psicoanalítico :
Resto del título escritos, ensayos y apuntes sobre los principales conceptos del psicoanálisis y su diálogo con la actualidad /
Mención de responsabilidad Mariana Gómez, coordinadora
260 ## - PUBLICACIÓN, DISTRIBUCIÓN, ETC.
Lugar de publicación, distribución, etc. Córdoba :
Nombre de la editorial, distribuidor, etc. Edit. Brujas,
Fecha de publicación, distribución, etc. 2011.
300 ## - DESCRIPCIÓN FÍSICA
Nº de Páginas Extensión 212 páginas. :
Dimensiones 23 cm.
500 ## - NOTA GENERAL
Bibliografía Incluye bibliografías.
650 ## - PUNTO DE ACCESO ADICIONAL DE MATERIA--TÉRMINO DE MATERIA
Descriptor Psicoanálisis-- -Estudio y enseñanza (Educación superior)
9 (RLIN) 45347
650 ## - PUNTO DE ACCESO ADICIONAL DE MATERIA--TÉRMINO DE MATERIA
Descriptor Psicoanálisis-- -Ensayos, conferencias, etc.
9 (RLIN) 45348
700 ## - PUNTO DE ACCESO ADICIONAL--NOMBRE DE PERSONA
Nombre Personal Gómez, Mariana, coordinadora
9 (RLIN) 45349
942 ## - ELEMENTOS DE PUNTO DE ACCESO ADICIONAL (KOHA)
Fuente de clasificación
Tipo de item Libros-BMC
945 ## - PROCESAMIENTO DE INFORMACIÓN LOCAL (OCLC)
Catalogador Roel
Holdings
Estado de retiro (separado) Fuente de clasificación o esquema de estanterías Estado dañado Ubicación Sala donde se ubica Nombre de la colección Fecha de adquisición o compra Fuente de adquisición Costo, precio normal en soles Signatura topográfica Código de Barras Última vez visto (Koha) Tipo de ítem (Koha)
No     Sala Humanidades Sala Humanidades Book Cart 2020-09-28 Compra 50.00 150.195/G21 SH0000015999 2020-09-28 Libros-BMC

Powered by Koha